| 000 | 00000nam 2200000zi 4500 |
| 001 | 9.939830 |
| 003 | CaOODSP |
| 005 | 20250124160655 |
| 006 | m o d f |
| 007 | cr cn||||||||| |
| 008 | 240625t20242024onco ob f000 0 eng d |
| 020 | |a9780660725253 |
| 040 | |aCaOODSP|beng|erda|cCaOODSP |
| 043 | |an-cn--- |
| 086 | 1 |aA72-157/2024E-PDF |
| 245 | 00|aBest practices for consumer engagement in agriculture and agri-food / |cwritten by Crowley + Arklie Strategy & Co. |
| 246 | 17|aBest practices for consumer engagement |
| 264 | 1|a[Ottawa] : |bAgriculture and Agri-Food Canada = Agriculture et agroalimentaire Canada, |c2024. |
| 264 | 4|c©2024 |
| 300 | |a1 online resource (43 pages) : |bphotographs |
| 336 | |atext|btxt|2rdacontent |
| 337 | |acomputer|bc|2rdamedia |
| 338 | |aonline resource|bcr|2rdacarrier |
| 500 | |aCover title. |
| 500 | |aIssued also in French under title: Pratiques exemplaires d'engagement des consommateurs en agriculture et agroalimentaire. |
| 504 | |aIncludes bibliographical references. |
| 520 | |a"Many agriculture and agri-food stakeholders, led by the work of the Consumer Demand and Market Trends Table and its Consumer Engagement Working Group, identified the need for a Best Practices for Consumer Engagement tool that focuses on how to engage with Canadian consumers. This builds upon work over the last two decades relating to social licence and public trust"--Page 4. |
| 650 | 0|aConsumers|zCanada|xAttitudes. |
| 650 | 0|aAgriculture and state|zCanada|xPublic opinion. |
| 650 | 0|aFood|zCanada|xPublic opinion. |
| 650 | 0|aPublic opinion|zCanada. |
| 710 | 1 |aCanada. |bAgriculture and Agri-Food Canada, |eissuing body. |
| 710 | 2 |aCrowley + Arklie Strategy & Co., |econsultant. |
| 775 | 08|tPratiques exemplaires d'engagement des consommateurs en agriculture et agroalimentaire / |w(CaOODSP)9.939831 |
| 856 | 40|qPDF|s2.23 MB|uhttps://publications.gc.ca/collections/collection_2025/aac-aafc/A72-157-2024-eng.pdf |
| 986 | |a13230E |